The methodist church's initiative to use its vacant land to support homeless people's housing and livelihoods in South A frica (Record no. 65152)

000 -LEADER
fixed length control field 00512pab a2200169 454500
008 - FIXED-LENGTH DATA ELEMENTS--GENERAL INFORMATION
fixed length control field 180718b2005 xxu||||| |||| 00| 0 eng d
100 ## - MAIN ENTRY--PERSONAL NAME
Personal name Bolnick, Joel
245 ## - TITLE STATEMENT
Title The methodist church's initiative to use its vacant land to support homeless people's housing and livelihoods in South A frica
260 ## - PUBLICATION, DISTRIBUTION, ETC.
Date of publication, distribution, etc. 2005
300 ## - PHYSICAL DESCRIPTION
Extent p.115-21.
362 ## - DATES OF PUBLICATION AND/OR SEQUENTIAL DESIGNATION
Dates of publication and/or sequential designation Apr
650 ## - SUBJECT ADDED ENTRY--TOPICAL TERM
Topical term or geographic name entry element Housing - South Africa
650 ## - SUBJECT ADDED ENTRY--TOPICAL TERM
Topical term or geographic name entry element Housing
700 ## - ADDED ENTRY--PERSONAL NAME
Personal name Rensburg, Greg Van
773 ## - HOST ITEM ENTRY
Main entry heading Environment and Urbanization
909 ## -
-- 65152
Holdings
Withdrawn status Lost status Damaged status Not for loan Permanent Location Current Location Date acquired Serial Enumeration / chronology Barcode Date last seen Price effective from Koha item type
        Indian Institute of Public Administration Indian Institute of Public Administration 2018-07-19 Volume no: 17, Issue no: 1 AR65604 2018-07-19 2018-07-19 Articles

Powered by Koha